000 01277cam a2200313 i 4500
001 rottenapples00gree
003 CaSfIA
005 20210119075736.0
007 cr||||
008 770506s1977 nyu 000 1 eng
010 _a 77007090
040 _aDLC
_cDLC
_dOCL
_dBTCTA
_dCaSfIA
020 _a0525194150 :
_c$7.95
020 _a9780525194156
035 _a(OCoLC)3003199
050 0 0 _aPZ4.G78885
_bRo 1977
_aPS3557.R367
082 0 0 _a813/.5/4
100 1 _aGreen, Edith Piñero.
245 1 0 _aRotten apples /
_h[electronic resource]
_cEdith Pinero Green.
250 _a1st ed.
260 _aNew York :
_bE.P. Dutton,
_cc1977.
300 _a279 p. ;
_c22 cm.
655 7 _aMystery fiction.
_2gsafd
856 4 1 _uhttp://www.archive.org/details/rottenapples00gree
_zFree eBook from the Internet Archive
856 4 2 _uhttp://www.openlibrary.org/books/OL4540501M
_zAdditional information and access via Open Library
942 _cEB
506 _fНеобхідна авторизація на https://archive.org/ (створення облікового запису безкоштовно)
506 _fНеобхідна авторизація на https://openlibrary.org/ (створення облікового запису безкоштовно)
999 _c544809
_d544809